[Event "Pennant-chT"]
[Site "Adelaide"]
[Date "2016.10.18"]
[Round "4"]
[White "Youssef, Ashraf"]
[Black "Anderson Smith, William T"]
[Result "1-0"]
[WhiteElo "2052"]
[BlackElo "1750"]
[PlyCount "54"]
[EventDate "2016.09.27"]
[EventType "team-tourn"]
[EventRounds "9"]
[EventCountry "AUS"]
[SourceTitle "EXT 2023"]
[Source "ChessBase"]
[SourceDate "2022.10.05"]
[SourceVersion "1"]
[SourceVersionDate "2022.10.05"]
[SourceQuality "1"]

1. e4 e6 2. d4 d5 3. Nd2 c5 4. c3 Nc6 5. Ngf3 Nf6 6. e5 Nd7 7. Be2 cxd4 8. cxd4 Be7 9. 0-0 0-0 10. Nb3 f6 11. exf6 Nxf6 12. Bd3 Bd7 13. Re1 Rc8 14. Ng5 Nb4 15. Nxe6 Bxe6 16. Rxe6 Nxd3 17. Qxd3 Ne4 18. f3 Qd7 19. Rxe7 Qxe7 20. fxe4 dxe4 21. Qe3 Rf5 22. Bd2 Rcf8 23. Nc5 Qf6 24. h3 Rf1+ 25. Rxf1 Qxf1+ 26. Kh2 b6 27. Nxe4 Re8 1-0